El arbolado de Madrid / (Record no. 190163)

MARC details
000 -LEADER
campo de control de longitud fija 00530nam a2200157 i 4500
001 - NÚMERO DE CONTROL
campo de control 190163
003 - IDENTIFICADOR DE NÚMERO DE CONTROL
campo de control ES-MaACL
005 - FECHA Y HORA DE LA ÚLTIMA TRANSACCIÓN
campo de control 20230906223645.0
008 - DATOS DE LONGITUD FIJA--INFORMACIÓN GENERAL
campo de control de longitud fija 200904s1888 sp |||| | spa d
100 1# - ENTRADA PRINCIPAL--NOMBRE DE PERSONA
Nombre de persona Rodrigañez, Celedonio (
Fechas asociadas al nombre 1860-1913)
9 (RLIN) 98167
245 13 - MENCIÓN DEL TÍTULO
Título El arbolado de Madrid /
Mención de responsabilidad, etc. por Celedonio Rodrigáñez.
260 ## - PUBLICACIÓN, DISTRIBUCIÓN, ETC.
Lugar de publicación, distribución, etc. [S.l.] :
Nombre del editor, distribuidor, etc. [s.n.],
Fecha de publicación, distribución, etc. 1888 (
Lugar de fabricación/manufactura Madrid :
Fabricante Imp. y Litogr. Municipal)
300 ## - DESCRIPCIÓN FÍSICA
Extensión 46 p., [1] h. de plano ;
Dimensiones 28 cm.
650 #4 - PUNTO DE ACCESO ADICIONAL DE MATERIA--TÉRMINO DE MATERIA
Término de materia o nombre geográfico como elemento de entrada Árboles de ciudad-
Subdivisión geográfica Madrid.
9 (RLIN) 170257
852 ## - LOCALIZACIÓN
Ubicación ES-MaACL
Número de control de estantería T-517-F-1
Holdings
Estatus retirado Estado de pérdida Estado de daño No para préstamo Colección Biblioteca de origen Biblioteca actual Ubicación en estantería Fecha de adquisición Fuente de adquisición Total de préstamos Signatura topográfica completa Código de barras Visto por última vez Precio de reemplazo Tipo de ítem Koha
        Colección de folletos Biblioteca del Ateneo de Madrid Biblioteca del Ateneo de Madrid Depósito folletos 09/05/2005     T-517-F-1 1201911 23/02/2023 23/02/2023 Folleto